000 00541nam a22001577a 4500
003 macl
005 20200813165514.0
008 200813b xxu||||| |||| 00| 0 eng d
040 _cmacl
082 _a741.642
100 _aरामचन्‍द्र,शिवानी
_979357
245 _aसौराष्‍ट्र का सूर्यपुत्र
260 _aदिल्‍ली
_bमहानंदा प्रकाशन
_c2016
650 _aचिल्‍ड्रर्न बुक
_967889
942 _2ddc
_cHIN
999 _c62931
_d62931